| 000 | 01006nam a2200313 i 4500 | ||
|---|---|---|---|
| 001 | bg | ||
| 100 | 1 | _aOGLETREE, Terry William | |
| 245 | 1 | 0 |
_aWindows XP PL : _bksięga eksperta / _cTerry William Ogletree ; [tł. Grzegorz Kowalczyk, Aleksandra Kula, Cezary Welsyng]. |
| 246 |
_iTyt. oryg.: _aWindows XP unleashed |
||
| 260 |
_aGliwice : _b"Helion", _ccop. 2002. |
||
| 300 |
_a804 s. : _bil. ; _c24 cm. |
||
| 490 | 1 | _aKsięga Eksperta | |
| 500 | _aTyt. oryg.: "Windows XP unleashed" 2002. | ||
| 504 | _aIndeks. | ||
| 650 | 9 | _aWindows XP | |
| 655 | _aPodręczniki | ||
| 700 | 1 |
_aKOWALCZYK, Grzegorz. _eTł. |
|
| 700 | 1 |
_aKULA, Aleksandra. _eTł. |
|
| 700 | 1 |
_aWELSYNG, Cezary. _eTł. |
|
| 830 | _aKsięga Eksperta | ||
| 020 | _a8371977883 | ||
| 040 | _cBPK | ||
| 041 | 1 |
_apol _heng |
|
| 080 | _a004.451(07) | ||
| 920 | _a83-7197-788-3 | ||
| 942 | _cKS | ||
| 008 | s pl f |000 0 pol | ||
| 999 |
_c43017 _d43017 |
||
| 856 |
_uhttp://koha.tu.koszalin.pl/cgi-bin/koha/opac-detail.pl?biblionumber=43017 _yKatalog online BPK |
||